[Event "Maringa op 1st"]
[Site "Maringa"]
[Date "2024.07.28"]
[Round "5"]
[White "Fabio, Joao Eduardo Souza"]
[Black "De Carvalho, Gael Botter"]
[Result "1-0"]
[WhiteElo "1669"]
[BlackElo "1800"]
[PlyCount "111"]
[EventDate "2024.07.26"]
[EventType "swiss"]
[EventRounds "6"]
[EventCountry "BRA"]
[SourceTitle "CB32_2024"]
[SourceDate "2024.08.08"]
[SourceVersion "1"]
[SourceVersionDate "2024.08.08"]
[SourceQuality "1"]

1. e4 e5 2. Nf3 Nc6 3. Bc4 Bc5 4. Nc3 h6 5. d3 Nf6 6. 0-0 0-0 7. Be3 Bxe3 8. fxe3 d6 9. Qd2 Bg4 10. h3 Bxf3 11. Rxf3 Qd7 12. b3 Nb4 13. a3 Nc6 14. Bd5 Nxd5 15. exd5 Ne7 16. a4 Ng6 17. g3 Qxh3 18. Qh2 Qxh2+ 19. Kxh2 a5 20. Nb5 c6 21. dxc6 bxc6 22. Nxd6 Ne7 23. Raf1 f6 24. g4 g5 25. Ne4 Nd5 26. Nxf6+ Nxf6 27. Rxf6 Rxf6 28. Rxf6 Rf8 29. Rxc6 Rf2+ 30. Kg3 Re2 31. Rxh6 Kg7 32. Ra6 Rxc2 33. Rxa5 Kf6 34. b4 Rc3 35. b5 Rxd3 36. Kf2 Rd2+ 37. Ke1 Rb2 38. Ra6+ Ke7 39. b6 Kd7 40. Kd1 Kc8 41. Kc1 Re2 42. Ra7 Kb8 43. a5 Rxe3 44. Rh7 Rc3+ 45. Kb2 Rc5 46. Ra7 Rb5+ 47. Kc3 Rd5 48. Kc4 Rd8 49. a6 e4 50. Rb7+ Ka8 51. Rc7 e3 52. Re7 Rc8+ 53. Kd3 Kb8 54. b7 Rd8+ 55. Kxe3 Ka7 56. Ke4 1-0

[Event "Maringa op 1st"]
[Site "Maringa"]
[Date "2024.07.27"]
[Round "3"]
[White "Dos Santos, Isis Eduarda Roeder"]
[Black "Fabio, Joao Eduardo Souza"]
[Result "1-0"]
[WhiteElo "1800"]
[BlackElo "1669"]
[PlyCount "63"]
[EventDate "2024.07.26"]
[EventType "swiss"]
[EventRounds "6"]
[EventCountry "BRA"]
[SourceTitle "CB32_2024"]
[SourceDate "2024.08.08"]
[SourceVersion "1"]
[SourceVersionDate "2024.08.08"]
[SourceQuality "1"]

1. e4 e5 2. Nf3 Nc6 3. Bc4 Nf6 4. Nc3 Bc5 5. d3 d6 6. h3 a6 7. a4 Be6 8. Be3 0-0 9. 0-0 Qd7 10. Bxe6 fxe6 11. Ne2 Rf7 12. Ng3 Raf8 13. Ng5 Re7 14. c3 h6 15. Nf3 Ba7 16. Nh4 g5 17. Ng6 Rfe8 18. Nxe7+ Rxe7 19. b4 Bxe3 20. fxe3 Ne8 21. Qh5 Rh7 22. Qg6+ Rg7 23. Qxh6 d5 24. Nh5 Rf7 25. Qxg5+ Ng7 26. Nf6+ Rxf6 27. Rxf6 Qe7 28. Raf1 d4 29. exd4 exd4 30. c4 Nxb4 31. Rf8+ Kh7 32. Qxe7 1-0